| Tag |
First Indicator |
Second Indicator |
Subfields |
| LEADER |
00000pam a2200000 a 4500 |
| 001 |
in00000085869 |
| 005 |
20151008064329.0 |
| 008 |
810526s1981 nyua b 00100 eng |
| 010 |
|
|
|a 81008670
|
| 020 |
|
|
|a 0080271812
|
| 035 |
|
|
|a (OCoLC)07572715
|
| 035 |
|
|
|9 AAK3977AM
|
| 039 |
0 |
|
|a 2
|b 3
|c 3
|d 3
|e 3
|
| 040 |
|
|
|a DLC
|c DLC
|d TXA
|d UtOrBLW
|
| 049 |
|
|
|a TXAM
|c 1 [951780], 2 [1504144]
|
| 050 |
0 |
0 |
|a TK9153
|b H4 1981
|
| 082 |
0 |
|
|a 621.48/31
|2 19
|
| 245 |
0 |
0 |
|a Heat transfer and fluid flow in nuclear systems /
|c edited by Henri Fenech.
|
| 264 |
|
1 |
|a New York :
|b Pergamon Press,
|c [1981]
|
| 264 |
|
4 |
|c ©1981
|
| 300 |
|
|
|a vii, 582 pages :
|b illustrations ;
|c 25 cm.
|
| 336 |
|
|
|a text
|b txt
|2 rdacontent
|
| 337 |
|
|
|a unmediated
|b n
|2 rdamedia
|
| 338 |
|
|
|a volume
|b nc
|2 rdacarrier
|
| 500 |
|
|
|a Includes bibliographical references and index.
|
| 650 |
|
0 |
|a Nuclear power plants
|x Thermodynamics.
|
| 700 |
1 |
|
|a Fenech, Henri,
|d 1925-
|
| 999 |
|
|
|a MARS
|
| 999 |
f |
f |
|s 2aeb98b0-440d-3a13-8a00-4f2e4a8e3f51
|i eb314365-4039-33c4-a1d9-403f56073212
|t 0
|
| 952 |
f |
f |
|p normal
|a Texas A&M University
|b College Station
|c Sterling C. Evans Library
|d Evans: Library Stacks
|t 0
|e TK9153 H4 1981
|h Library of Congress classification
|i unmediated -- volume
|m A14806318220
|
| 998 |
f |
f |
|a TK9153 H4 1981
|t 0
|l Evans: Library Stacks
|